| 000 | 01340nmm a2200349 a 4500 | ||
|---|---|---|---|
| 003 | AR-BaBNM | ||
| 005 | 20251128203055.0 | ||
| 008 | 207019s1971 ||||||||||||||000 | spa|| | ||
| 040 | _cAR-BaBNM | ||
| 100 | 1 | _aCoffelt, Kenneth | |
| 245 | 1 | 0 |
_aTécnicas de la televisión educativa ; _bCómo mejorar el periódico mural y los tableros para avisos |
| 250 | _a1ª ed. | ||
| 260 |
_aMéxico, D.F. _bPax _c1971 |
||
| 300 |
_ap. irreg. _bil., diagr., tablas |
||
| 500 | _aEsta publicación ha sido preparada conjuntamente por la editorial y el Centro Regional de Ayuda Técnica, Agencia para el Desarrollo Internacional AID, Departamento de Estado del Gobierno de los Estados Unidos de América. El Centro es una organización dedi | ||
| 650 | 4 | _aTELEVISION EDUCATIVA | |
| 650 | 4 | _aENSENANZA POR TELEVISION | |
| 650 | 4 | _aTECNICAS DE ENSENANZA | |
| 650 | 4 | _aMATERIAL DIDACTICO | |
| 650 | 4 | _aMATERIALES DE APOYO | |
| 650 | 4 | _aCOMUNICACION AUDIOVISUAL | |
| 650 | 4 | _aAUXILIARES AUDIOVISUALES | |
| 650 | 4 | _aTECNOLOGIA EDUCATIVA | |
| 700 | 1 |
_aWoodring, Ann _eilustrador |
|
| 700 | 1 |
_aPalazón, Ramón _etraductor |
|
| 700 | 1 | _aLockridge, J. Preston | |
| 700 | 1 |
_aMcMurry, C. Gerda _eilustrador |
|
| 700 | 1 |
_aTiemann, Ernest F. _eprologuista |
|
| 700 | 1 |
_aMartínez Valdés, Gregorio _etraductor |
|
| 942 | _cBK | ||
| 998 | _csilvi | ||
| 999 |
_c1760 _d1760 |
||